Normal view
MARC view
- القانون المدني -- الاردن -- العقود المسماة -- الاردن -- عقود البيع -- عقود الايجار -- الايجارات -- قوانين وتشريعات -- الاردن -- البيع -- قوانين وتشريعات -- الاردن
Entry Topical Term
001 - CONTROL NUMBER
- control field: 11009
003 - CONTROL NUMBER IDENTIFIER
- control field: JO-AjAnu
005 - DATE AND TIME OF LATEST TRANSACTION
- control field: 20230606072052.0
008 - FIXED-LENGTH DATA ELEMENTS
- fixed length control field: 230606|| aca||aabn | a|a d
040 ## - CATALOGING SOURCE
- Original cataloging agency: JO-AjAnu
- Transcribing agency: JO-AjAnu
150 ## - HEADING--TOPICAL TERM
- Topical term or geographic name entry element: القانون المدني -- الاردن -- العقود المسماة -- الاردن -- عقود البيع -- عقود الايجار -- الايجارات -- قوانين وتشريعات -- الاردن -- البيع -- قوانين وتشريعات -- الاردن
670 ## - SOURCE DATA FOUND
- Source citation: Work cat.: (JO-AjAnu)5669: العبيدي ، علي , author 11008, العقود المسماة في البيع والايجار